Report Of The Finance Committee On The Request For Waiver Of Import Duties, Import Vat, Getfund Levy, Import National Health Insurance Levy, Exim Levy, Special Import Levy, Ecowas Levy, Africa Union Levy, Amounting To Sixty Nine Million, Two Hundred And Seventeen Thousand, Eight Hundred And Forty United States Dollars And Twenty Four Cents US$69,217,840.24 Equivalent To GH₵ 351,972,717.62 On Materials And Equipment To be Procured For The Construction/Rehabilitation Of Selected Roads and Interchanges In Ghana Phase1 Under The Master Project Support Agreement (MPSA) (Record no. 5382)

MARC details
000 -LEADER
fixed length control field 01088nam a22001697a 4500
003 - CONTROL NUMBER IDENTIFIER
control field OSt
005 - DATE AND TIME OF LATEST TRANSACTION
control field 20250722102725.0
008 - FIXED-LENGTH DATA ELEMENTS--GENERAL INFORMATION
fixed length control field 250709b |||||||| |||| 00| 0 eng d
041 ## - LANGUAGE CODE
Language code of text/sound track or separate title English
082 ## - DEWEY DECIMAL CLASSIFICATION NUMBER
Classification number Acc. No. 11281 CR/MPSA/19
110 ## - MAIN ENTRY--CORPORATE NAME
Corporate name or jurisdiction name as entry element Finance Committee
245 ## - TITLE STATEMENT
Title Report Of The Finance Committee On The Request For Waiver Of Import Duties, Import Vat, Getfund Levy, Import National Health Insurance Levy, Exim Levy, Special Import Levy, Ecowas Levy, Africa Union Levy, Amounting To Sixty Nine Million, Two Hundred And Seventeen Thousand, Eight Hundred And Forty United States Dollars And Twenty Four Cents US$69,217,840.24 Equivalent To GH₵ 351,972,717.62 On Materials And Equipment To be Procured For The Construction/Rehabilitation Of Selected Roads and Interchanges In Ghana Phase1 Under The Master Project Support Agreement (MPSA)
260 ## - PUBLICATION, DISTRIBUTION, ETC.
Place of publication, distribution, etc. Accra
Name of publisher, distributor, etc. Parliament Of Ghana
Date of publication, distribution, etc. 2019
300 ## - PHYSICAL DESCRIPTION
Extent 10P; Tabs
653 ## - INDEX TERM--UNCONTROLLED
Uncontrolled term Construction/Rehabilitation Of Selected Roads and Interchanges In Ghana Phase1 Under The Master Project Support Agreement (MPSA)
942 ## - ADDED ENTRY ELEMENTS (KOHA)
Source of classification or shelving scheme Dewey Decimal Classification
Koha item type Committee Reports
Suppress in OPAC No
Holdings
Withdrawn status Lost status Source of classification or shelving scheme Damaged status Not for loan Home library Current library Shelving location Date acquired Total checkouts Full call number Date last seen Copy number Price effective from Koha item type
    Dewey Decimal Classification     Main Library Main Library Open Shelves 09/07/2025   Acc. No. 11281 CR/MPSA/19 09/07/2025 1 09/07/2025 Committee Reports
    Dewey Decimal Classification     Main Library Main Library Open Shelves 10/07/2025   Acc. No. 11281 CR/MPSA/19 10/07/2025 2 10/07/2025 Committee Reports
©2026  Parliament of Ghana Library - All rights reserved